Bosaso Airport Destinations (Bosaso, Somalia) - Statistics

General Stats
  • This quiz has been taken 32 times
    19 since last reset
  • The average score is 6 of 8
Answer Stats
Airline Destination % Correct
Ethiopian Airlines Addis Ababa
100%
Air Djibouti Djibouti
100%
Daallo Airlines/Jubba Airways Dubai (International)
88%
African Express Airways/Daallo Airlines/Jubba Airways Mogadishu
88%
Jubba Airways Hargeisa
69%
African Express Airways Nairobi (Jomo Kenyatta)
69%
Air Arabia Sharjah
56%
Jubba Airways Garowe
25%
No matching quizzes found
Score Distribution
Percent of People with Each Score
Percentile by Number Answered
Your Score History
You have not taken this quiz since the last reset